Nebraska Educational Service Units (Map) - Statistics

General Stats
  • This quiz has been taken 15 times
  • The average score is 11 of 17
Answers on the Map
Answers color-coded by a green-red scale on the quiz's map according to % correct below.
 
Answer Stats
Educational Service Unit % Correct
Lincoln
100%
Omaha
100%
Omaha
100%
Scottsbluff
80%
Fremont
70%
Hastings
70%
Kearney
70%
Ainsworth
60%
Columbus
60%
Auburn
50%
Beatrice
50%
Milford
50%
Ogallala
50%
Holdrege
40%
Neligh
40%
Trenton
30%
Wakefield
30%
No matching quizzes found
Score Distribution
Percent of People with Each Score
Percentile by Number Answered
Your Score History
You have not taken this quiz